| 000 | 01083nam a2200289 a 4500 | ||
|---|---|---|---|
| 001 | |||
| 003 | DO-SdBNP | ||
| 005 | 20240828121000.0 | ||
| 008 | 091001s2014 mx a r 000 0 spa d | ||
| 020 | _a9786071622228 | ||
| 040 |
_aDO-SdBNP _bspa _cBPMSU |
||
| 082 | 4 |
_aM860.4 _bC522a 2014 _222 |
|
| 100 | 1 |
_aCheron, Phippe _d1950- |
|
| 245 | 1 | 3 |
_aEl árbol de oro : _bJosé Revueltas y el pesimismo ardiente / _cPhilippe Cheron. |
| 260 |
_aMéxico: _bFondo de Cultura Económica, _c2014 |
||
| 300 |
_a337 p. ; _c24 cm. _b |
||
| 490 | 0 | _aLenguas y estudios literarios | |
| 500 | _aIncluye referencias bibliográficas y notas al pie de las páginas | ||
| 504 | _aBibliografía : páginas 307-317 | ||
| 590 | _aInventariado, 2024/VM | ||
| 600 | 1 | 4 |
_aRevueltas, José Agustín, _d 1914-1976 _xCrítica e interpretación. |
| 600 | 1 | 4 |
_aRevueltas, José Agustín, _d1914-1976 _xPensamiento político y social. |
| 650 | 4 |
_aLiteratura mexicana _ySiglo XX |
|
| 710 | 2 | _aFondo de Cultura Económica (México) | |
| 910 | _aVMateo V. Cotrol de calidad. BPMSU | ||
| 942 |
_2ddc _cBK |
||
| 999 |
_c14783 _d14783 |
||